000 00331nam a22001217a 4500
008 160513b xxu||||| |||| 00| 0 eng d
020 _a9780838584507
020 _a0838584500
041 _aeng
080 _a611
245 _aRudolphs fundamentals of pediatrics:
_cAbraham M.Rudolph; Robert K. Kamei; Kim J.Overby;
942 _2udc
_cBK
999 _c2142
_d2142